00913naa#a2200181#i#4500001001600000005001700016011001400033100004100047102000700088200016100095210023600256215001000492608004500502675005400547700005200601700005400653856002400707RU\\bibl\10030520260601065646.1##a2312-7937##a20250705b2025####ek#y0rusy0150####ca##aRU1#aИЗ ИСТОРИИ ИСПРАВИТЕЛЬНО-ТРУДОВЫХ УЧРЕЖДЕНИЙ УРАЛА В 1941-1950 ГОДАХeЖурнальная статья1#aДомодедовоcВсероссийский институт повышения квалификации сотрудников Министерства внутренних дел Российской Федерацииd2025##a9 с.##aЖурнальная статья2local##aПраво. Юридические науки. 34#1aЕвсеевgИван Валентинович#1aКанаковgИлья Владимирович4#avipkmvd.editorum.ru